Winnipeg Jets Draft Picks (2011-2024) - Statistics

General Stats
  • This quiz has been taken 32 times
  • The average score is 32 of 87
Answer Stats
Hint Answer % Correct
2011, 1:7, 7 Mark Scheifele
100%
2014: 1:9, 9 Nikolaj Ehlers
96%
2024, 4:12, 109 Kevin He
92%
2015, 1:17, 17 Kyle Connor
92%
2012, 5:9, 130 Connor Hellebuyck
88%
2016, 1:18, 18 Logan Stanley
88%
2011, 3:6, 67 Adam Lowry
85%
2016, 1:2, 2 Patrik Laine
85%
2013, 2:29, 59 Eric Comrie
77%
2012, 1:9, 9 Jacob Trouba
77%
2013, 1:13, 13 Josh Morrissey
77%
2023, 1:18, 18 Colby Barlow
73%
2022, 1:30, 30 Brad Lambert
69%
2021, 1:18, 18 Chaz Lucius
69%
2020, 1:10, 10 Cole Perfetti
69%
2022, 1:14, 14 Rutger McGroarty
69%
2019, 1:20, 20 Ville Heinola
69%
2017, 2:12, 43 Dylan Samberg
65%
2015, 1:25, 25 Jack Roslovic
65%
2015, 6:17, 168 Mason Appleton
62%
2023, 5:23, 151 Thomas Milic
62%
2021, 2:18, 50 Nikita Chibrikov
58%
2013, 4:13, 104 Andrew Copp
54%
2017, 1:24, 24 Kristian Vesalainen
54%
2018, 2:29, 60 David Gustafsson
46%
2022, 2:23, 55 Elias Salomonsson
46%
2013, 2:13, 43 Nic Petan
46%
2011, 6:6, 157 Jason Kasdorf
42%
2013, 3:30, 91 J.C. Lipon
38%
2017, 3:12, 74 Johnathan Kovacevic
38%
2012, 2:9, 39 Lukas Sutter
38%
2015, 7:17, 198 Sami Niku
38%
2024, 2:5, 37 Alfons Freij
35%
2018, 5:26, 150 Declan Chisholm
35%
2016, 6:6, 157 Mikhail Berdin
35%
2014, 4:9, 99 Chase De Leo
31%
2021, 5:18, 146 Dmitri Rashevsky
31%
2023, 5:18, 146 Jacob Julien
31%
2015, 2:17, 47 Jansen Harkins
31%
2024, 6:26, 188 Kieron Walton
31%
2012, 3:9, 70 Scott Kosmachuk
31%
2023, 3:18, 82 Zach Nehring
31%
2023, 7:18, 210 Connor Levis
27%
2020, 2:9, 40 Daniel Torgersson
27%
2022, 7:14, 207 Domenic DiVincentiis
27%
2015, 3:17, 78 Erik Foley
27%
2019, 5:20, 144 Logan Neaton
27%
2018, 3:29, 91 Nate Smith
27%
2019, 2:20, 51 Simon Lundmark
27%
2020, 6:9, 164 Tyrel Bauer
27%
2011, 4:28, 119 Zachary Yuen
27%
2017, 6:12, 136 Arvid Holm
23%
2014, 5:9, 129 C.J. Suess
23%
2019, 4:20, 113 Henri Nikkanen
23%
2017, 5:12, 136 Leon Gawanke
23%
2017, 7:12, 198 Skyler McKenzie
23%
2013, 5:6, 127 Tucker Poolman
23%
2018, 7:29, 215 Austin Wong
19%
2011, 3:17, 78 Brennan Serville
19%
2021, 3:18, 82 Dmitry Kuzmin
19%
2022, 6:14, 175 Fabian Wagner
19%
2018, 6:29, 184 Jared Moe
19%
2011, 5:28, 149 Austen Brassard
15%
2013, 7:9, 190 Brenden Kichton
15%
2022, 3:12, 77 Danny Zhilkin
15%
2022: 4:2, 99 Garrett Brown
15%
2014, 3:9, 69 Jack Glover
15%
2012, 7:9, 190 Jamie Phillips
15%
2013, 4:23, 114 Jan Kostalek
15%
2013, 3:23, 84 Jimmy Lodge
15%
2016, 3:18, 79 Luke Green
15%
2024, 5:26, 155 Markus Loponen
15%
2014, 4:11, 101 Nelson Nogier
15%
2012, 6:9, 160 Ryan Olsen
15%
2011, 7:6, 187 Aaron Harstad
12%
2017, 7:25, 211 Croix Evingson
12%
2018, 5:29, 153 Giovanni Vallati
12%
2019, 5:10, 134 Harrison Blaisdell
12%
2016, 4:6, 97 Jacob Cederholm
12%
2016, 5:6, 127 Jordy Stallard
12%
2015, 4:17, 108 Michael Spacek
12%
2017, 4:12, 105 Santeri Virtanen
12%
2015, 7:22, 203 Matteo Gennaro
8%
2014, 7:12, 192 Matt Ustaski
4%
2014, 6:14, 164 Pavel Kraskovsky
4%
2020, 5:9, 133 Anton Johanesson
0%
2013, 7:13, 194 Marcus Kahlstrom
0%
No matching quizzes found
Score Distribution
Percent of People with Each Score
Percentile by Number Answered
Your Score History
You have not taken this quiz